000 00604nam a2200181 i 4500
001 122786
003 ES-MaACL
005 20230906192037.0
007 t|
008 070214s1967 sp f |||| | spa d
245 0 0 _aProducción comercial de flores de corte y follaje ornamental en invernaderos /
_cA. D. Harrison... [et al.] ; traducido por Horacio Marco Moll.
260 _aZaragoza :
_bAcribia,
_c1967.
300 _aVIII, 130 p., 8 lám. ;
_c20 cm.
650 4 _aFloricultura.
_912912
700 1 _aHarrison, A. D.
_961928
700 1 _aMarco Moll, Horacio.
_976486
852 _aES-MaACL
_jC-31955
999 _c122786
_d122786